First 69 decimal points of pi - Statistics

General Stats
  • This quiz has been taken 228 times
  • The average score is 27 of 70
Answer Stats
Digit % Correct
3
100%
1
93%
4
93%
1
87%
5
87%
9
87%
2
73%
5
67%
6
67%
3
60%
5
60%
8
60%
9
60%
3
53%
7
53%
9
53%
2
47%
3
47%
4
47%
8
47%
2
40%
2
40%
3
40%
3
40%
3
40%
4
40%
6
40%
6
40%
7
40%
8
40%
9
40%
0
33%
1
33%
1
33%
2
33%
3
33%
4
33%
5
33%
6
33%
7
33%
8
33%
8
33%
9
33%
9
33%
9
33%
9
33%
3
27%
7
27%
0
20%
0
20%
1
20%
2
20%
4
20%
5
20%
5
20%
7
20%
8
20%
9
20%
0
13%
2
13%
3
13%
4
13%
4
13%
5
13%
9
13%
9
13%
1
7%
6
7%
7
7%
8
7%
No matching quizzes found
Score Distribution
Percent of People with Each Score
Percentile by Number Answered
Your Score History
You have not taken this quiz